US State Flags #1 - Statistics

General Stats
  • This quiz has been taken 1,098 times
  • The average score is 8 of 10
Answer Stats
Flag State % Correct
Oregon
97%
Oklahoma
95%
Iowa
94%
Colorado
82%
Illinois
81%
Alabama
73%
Arizona
73%
Hawaii
72%
North Dakota
72%
Tennessee
58%
No matching quizzes found
Score Distribution
Percent of People with Each Score
Percentile by Number Answered
Your Score History
You have not taken this quiz